| 000 | 00944nam a2200229Ia 4500 | ||
|---|---|---|---|
| 003 | IN-BaIIA | ||
| 008 | 211028s9999 xx 000 0 eng d | ||
| 020 | _a81-900378-3-8 | ||
| 040 | _cIIA Library | ||
| 080 |
_a524.834(082.1) _bGRA |
||
| 111 |
_aInternational Conference on General Relativity and Gravitation _n15th _cPune, India _d1997 Dec.16-21 _925901 |
||
| 245 | 0 |
_aGravitation and relativity _bat the turn of the millenium; proceedings of the 15th International conference on general relativity and gravitation held in Pune, India, December 16-21, 1997 _cedited by N. Dadhich and J. Narlikar |
|
| 260 |
_aPune _bInter-University Centre for Astronomy and Asrophysics _c1998 |
||
| 300 | _aiii, 510p. | ||
| 650 |
_aColliding black holes _925902 |
||
| 650 |
_aCosmic Illusions _925903 |
||
| 650 | _aCosmology | ||
| 650 |
_aQuantum gravity _910418 |
||
| 700 |
_aDadhich, N., ed. _925904 |
||
| 700 |
_aNarlikar, J., ed. _925905 |
||
| 942 | _cBK | ||
| 999 |
_c14562 _d14562 |
||